| 000 | 00748cam a22002413a 4500 | ||
|---|---|---|---|
| 001 | 30962 | ||
| 003 | PGUSA | ||
| 005 | 20140828083653.0 | ||
| 008 | 100114s2010||||xxu|||||s|||||000 | eng d | ||
| 040 |
_aPGUSA _beng |
||
| 042 | _adc | ||
| 050 | 4 | _aPR | |
| 100 | 1 |
_aFielding, Henry, _d1707-1754 |
|
| 245 | 1 | 3 |
_aAn Apology for the Life of Mrs. Shamela Andrews _h[electronic resource] / _cHenry Fielding |
| 260 |
_bProject Gutenberg, _c2010 |
||
| 506 | _aPublic domain in the USA. | ||
| 516 | _aElectronic text | ||
| 653 | _aRichardson, Samuel, 1689-1761 -- Parodies, imitations, etc. | ||
| 653 | _aRichardson, Samuel, 1689-1761. Pamela | ||
| 830 | 0 |
_aProject Gutenberg _v30962 |
|
| 856 | 4 | 0 | _uhttp://www.gutenberg.org/ebooks/30962 |
| 942 | _cEB | ||
| 999 |
_c260217 _d260217 |
||